| 000 | 00000nam##2200000za#4500 |
| 001 | 9.579048 |
| 003 | CaOODSP |
| 005 | 20230131161133 |
| 007 | cr ||||||||||| |
| 008 | 150406|2003||||xxc|||||o f|0| 0 eng|d |
| 040 | |aCaOODSP|beng |
| 043 | |an-cn--- |
| 086 | 1 |aM48-2016AE-PDF |
| 110 | 2 |aGeological Survey of Canada. |
| 245 | 10|aGeology, eastern Prince of Wales Island and adjacent smaller islands, Nunavut / |h[electronic resource]|c[by] U. Mayr, T. Frisch, T. de Freistas, A. Okultich and J.W. Kerr. |
| 255 | |aScale 1:125,000 |
| 260 | |aOttawa - Ontario : |bNatural Resources Canada. |cc2003. |
| 300 | |a1p.|bcoloured maps |
| 490 | 1 |a"A" series map|v2016A |
| 500 | |aAccompanies Bulletin 574, "Geology of eastern Prince of Wales Island and adjacent smaller islands, Nunavut" (see Cat. number M42-574E-PDF). |
| 590 | |a14-05-Supp|b2014-02-26 |
| 720 | 1 |aMayr, U. |
| 720 | 1 |ade Freitas, T. A. |
| 720 | 1 |aFrisch, T. |
| 776 | 0#|tGeology, Eastern Prince of Wales Island and adjacent smaller islands, Nunavut |w(CaOODSP)9.616354 |
| 830 | #0|aGeological Survey of Canada, "A" series map ;|v2016A|w(CaOODSP)9.507196 |
| 856 | 40|ahttp://publications.gc.ca|qPDF|s2.89 MB|uhttps://publications.gc.ca/Collection-R/GSC-CGC/M42E/574/2016A.pdf|y2016A |